QuizKnock 朝からそれ正解! #2 - Statistics

General Stats
  • This quiz has been taken 138 times
  • The average score is 18 of 100
Answer Stats
Answer % Correct
84%
{うさぎ}追いしかの山
76%
カメ
73%
カメ
72%
{冥王星}の衛星
67%
{サード}の守備
60%
{フッ素}原子
59%
{悟り}をひらく
56%
フラーレン
41%
{フットサル}のボール
39%
各駅停車
34%
風船
30%
携帯電話
29%
明治時代の{内閣総理大臣}
27%
26%
四則演算
26%
逆上がり
26%
{詐欺}から身を守る
24%
カニ
24%
運動会
22%
カーブ
19%
将棋
19%
けんか
19%
イガグリ
19%
イッカク
18%
所得税
17%
河村
16%
15%
社会常識
15%
フラフープ
15%
一角獣
14%
田山花袋
13%
メメントモリ
13%
うたばん
13%
カリキュラム
12%
新体操
12%
キリスト
12%
他人
12%
ウテナ
12%
けものフレンズ
11%
趣味
10%
風鈴
10%
資産運用
10%
多聞天
10%
大家
10%
うしくん
9%
{メスバウアー}効果
9%
9%
ウゴウゴルーガ
9%
太閤
9%
けん玉
9%
華厳の滝
9%
9%
信号ルール
8%
ウーパールーパー
8%
木曾義仲
7%
{メタマテリアル}の理論
7%
噴火口
7%
メニスカス
7%
めしのたね
7%
イッテルビー村
6%
親切心
6%
木下順庵
6%
犬井ヒロシ
6%
キンボール
6%
キラヤマト
6%
金田一京助
6%
里帰り
6%
欠点
6%
ウツボット
6%
教祖
5%
薩長同盟
5%
伊能忠敬
5%
谷川俊太郎
5%
タモリ
5%
キン肉マン
5%
異次元クイズ
5%
さいたま2000
5%
May the Force be with you
5%
探偵
4%
キケロ
4%
ケーニヒスベルクの橋
4%
SASUKE
4%
タキシード仮面
3%
ウエストサイドストーリー
3%
イングラム
3%
メソポタミア史
3%
メカニクス
2%
2%
No matching quizzes found
Score Distribution
Percent of People with Each Score
Percentile by Number Answered
Your Score History
You have not taken this quiz